| 000 | 00601nam a2200181 a 4500 | ||
|---|---|---|---|
| 001 | 000021724 | ||
| 005 | 20200930011426.0 | ||
| 008 | 100910s2007 dr 000 0 spa d | ||
| 020 | _a9592589984 | ||
| 040 |
_aDO-SdBNP _bspa _cBNPHU |
||
| 082 |
_axxx _bL864c |
||
| 100 | 1 |
_aLópez Civeira, Francisca _945164 |
|
| 245 | 1 | 0 |
_aCuba : _bentre la reforma y la Revolución 1925-1935 / _cFrancisca López Civeira ; edición Mildred Balladares, María Elena Pérez. |
| 260 |
_aLa Habana : _bFélix Varela, _c2007. |
||
| 300 |
_a345 p. ; _c20 cm. |
||
| 500 | _aIncluye notas al pie de páginas | ||
| 049 | _aBNPD | ||
| 999 |
_c21223 _d21223 |
||